| 000 | 01388nam a2200349Ia 4500 | ||
|---|---|---|---|
| 001 | ebr10479187 | ||
| 003 | CaPaEBR | ||
| 006 | m u | ||
| 007 | cr cn||||||||| | ||
| 008 | 110503s2011 mnua sb 001 0 eng d | ||
| 010 | _z 2010044695 | ||
| 020 | _z0816656053 | ||
| 020 | _z0816656061 | ||
| 020 | _z9780816656059 | ||
| 020 | _z9780816656066 | ||
| 040 |
_aCaPaEBR _cCaPaEBR |
||
| 035 | _a(OCoLC)741751639 | ||
| 050 | 1 | 4 |
_aHT384.V52 _bH634 2011eb |
| 100 | 1 |
_aHarms, Erik, _cPh. D. |
|
| 245 | 1 | 0 |
_aSaigon's edge _h[electronic resource] : _bon the margins of Ho Chi Minh city / _cErik Harms. |
| 260 |
_aMinneapolis : _bUniversity of Minnesota Press, _cc2011. |
||
| 300 |
_axiv, 294 p. : _bill. |
||
| 504 | _aIncludes bibliographical references and index. | ||
| 533 |
_aElectronic reproduction. _bPalo Alto, Calif. : _cebrary, _d2013. _nAvailable via World Wide Web. _nAccess may be limited to ebrary affiliated libraries. |
||
| 650 | 0 |
_aUrbanization _zVietnam _zHo Chi Minh City. |
|
| 650 | 0 |
_aUrban anthropology _zVietnam _zHo Chi Minh City. |
|
| 650 | 0 |
_aCity and town life _zVietnam _zHo Chi Minh City. |
|
| 650 | 0 |
_aSociology, Urban _zVietnam _zHo Chi Minh City. |
|
| 655 | 7 |
_aElectronic books. _2local |
|
| 710 | 2 | _aebrary, Inc. | |
| 856 | 4 | 0 |
_uhttp://site.ebrary.com/lib/rucke/Doc?id=10479187 _zAn electronic book accessible through the World Wide Web; click to view |
| 999 |
_c120253 _d120253 |
||